000 01159nam a22004457a 4500
001 BR8302313
003 BR-BrBNA
005 20230928091643.0
007 ta
008 230509b bl.||||| |||| 00| 0 por d
040 _aBR-BrBNA
_bpor
_cBiblioteca Nacional de Agricultura
041 _a(Por)
072 _aM10; M40; E70
_b8520
_b/G514
090 _ 8520 BR8302313
100 1 _aLongo, A.D. (comp.)
110 1 _aAssociacao Brasileira dos Criadores de Ras, Sao Paulo, SP
_9344
245 1 _aRanicultura - nova opcao da pecuaria [ra, anfibio, criacao, biologia, comercializacao, Brasil]
260 3 _aSao Paulo, SP (Brasil):
_c[nd].
300 _a228 p.
500 _a60 illus.; 14 ref.; Published 1982?
650 _aRA
650 _aRACA
650 _aSEXO
650 _aACASALAMENTO
650 _aDESOVA
650 _aLARVA
650 _aCRIACAO
650 _aCLIMA
650 _aSOLO
650 _aAGUA
650 _aRANARIO
650 _aMANEJO
650 _aNUTRICAO ANIMAL
650 _aPLANCTON
650 _aABATE
650 _aCARNE
650 _aPELE
909 _a202309
_bLucia
_c55
_dLucia Elande
942 _cBK
999 _c34861
_d34861